El extraño caso del doctor jekyll y mr. hyde /

Guardado en:
Autor Principal: Stevenson, Roberto L.
Formato: Libro
Publicado: Buenos Aires : La Nación
Series:Libros ilustrados
Materias:
Etiquetas: Agregar Etiqueta
Sin Etiquetas, Sea el primero en etiquetar este registro!
LEADER 00568nam a22001815a 4500
001 CEM.cems011689
005 20070809113050.0
008 130507b######################000#0#####d
003 CEMS
082 0 4 |a F800 
100 1 |a Stevenson, Roberto L. 
245 1 0 |a El extraño caso del doctor jekyll y mr. hyde /  |c Roberto L. Stevenson ; dibujos de Mauro Cascioli 
260 |a Buenos Aires :  |b La Nación 
300 |a 36 p. 
490 0 |a Libros ilustrados 
653 |a Literatura 
653 |a Literatura inglesa siglo 19 
859 |a CEMS  |b BIB. CEMS - 11 de abril  |h F800  |i 36-1  |p 2074.44  |t Ej.1